Central Library OPAC University of Rajshahi

Chronology and documentary handbook of the State of Virginia / (Record no. 27316)

MARC details
000 -LEADER
fixed length control field 01292nam a2200337 i 4500
001 - CONTROL NUMBER
control field 27316
003 - CONTROL NUMBER IDENTIFIER
rucl marc code BD-RjUL
005 - DATE AND TIME OF LATEST TRANSACTION
control field 20211209051135.0
008 - FIXED-LENGTH DATA ELEMENTS--GENERAL INFORMATION
fixed length control field 140325s1979 nyu j b 001 0deng
020 ## - INTERNATIONAL STANDARD BOOK NUMBER
International Standard Book Number 0379161710 :
035 ## - SYSTEM CONTROL NUMBER
System control number (BD-RjUL)27388
040 ## - CATALOGING SOURCE
Original cataloging agency DLC
Transcribing agency DLC
Modifying agency DLC
-- BD-RjUL
Language of cataloging eng
041 ## - LANGUAGE CODE
Language code of text/sound track or separate title eng
082 00 - DEWEY DECIMAL CLASSIFICATION NUMBER
Classification number 975.500202
Author mark and year CHR 1979
245 00 - TITLE STATEMENT
Title Chronology and documentary handbook of the State of Virginia /
Statement of responsibility, etc. Ellen Lloyd Trover, State editor.
260 ## - PUBLICATION, DISTRIBUTION, ETC. (IMPRINT)
Place of publication, distribution, etc. Dobbs Ferry, N.Y. :
Name of publisher, distributor, etc. Oceana Publications,
Date of publication, distribution, etc. c1979.
300 ## - PHYSICAL DESCRIPTION
Pagination x, 148 p. ;
Size 24 cm.
500 ## - GENERAL NOTE
General note Cover title: Virginia, a chronology & documentary handbook.
504 ## - BIBLIOGRAPHY, ETC. NOTE
Bibliography, etc Bibliography: p. 145-146. and index.
520 ## - SUMMARY, ETC.
Summary, etc. A history of Virginia in chronological format with supporting documents, biographical outlines of prominent citizens, and a name index.
651 #0 - SUBJECT ADDED ENTRY--GEOGRAPHIC NAME
Geographic name Virginia
General subdivision History
-- Chronology.
9 (RLIN) 83867
Geographic name Virginia
General subdivision Biography.
9 (RLIN) 83868
Geographic name Virginia
General subdivision History
-- Sources.
9 (RLIN) 83869
Geographic name Virginia
General subdivision History.
9 (RLIN) 83870
700 1# - ADDED ENTRY--PERSONAL NAME
Personal name Trover, Ellen Lloyd.
942 ## - ADDED ENTRY ELEMENTS (KOHA)
Source of classification or shelving scheme Dewey Decimal Classification
Koha item type Books
Holdings
Lost status Source of classification or shelving scheme Damaged status Not for loan Collection code Permanent Location Current Location Shelving location Date acquired Source of acquisition Total Checkouts Full call number Date last seen Copy number Koha item type
  Dewey Decimal Classification   Added to bundle Non-fiction Central Library, University of Rajshahi Central Library, University of Rajshahi Reading Room 22/06/1989 Asia foundation   975.500202 CHR 1979 25/03/2014 C-1 Books